Scrambled “L” Words - Statistics

General Stats
  • This quiz has been taken 73 times
  • The average score is 23 of 30
Answer Stats
Hint Answer % Correct
glaer large | lager
98%
haulg laugh
97%
uiqild liquid
97%
lncyh lynch
95%
laudrny laundry
94%
ealfy leafy
94%
yoall loyal
94%
ykcul lucky
94%
yalribr library
90%
hialvs lavish
87%
egluae league
87%
oocldkwn lockdown
87%
nagaguel language
86%
crquael lacquer
83%
atiibliyl liability
83%
ewlray lawyer
81%
yglhnte lengthy
78%
ppaolt laptop
76%
uecltte lettuce
76%
lianiso liaison
71%
liuadqtei liquidate
68%
noglue lounge
68%
gstociisl logistics
67%
ksolchtmi locksmith
62%
oslmunui luminous
54%
eounnlhc luncheon
51%
eayriclt literacy
43%
aelmruwk lukewarm
35%
bulteacri lubricate
30%
tesleifly lifestyle
27%
No matching quizzes found
Score Distribution
Percent of People with Each Score
Percentile by Number Answered
Your Score History
You have not taken this quiz